De la Cámara de Diputados a San Lorenzo Tlacotepec : (materiales para una historia de la educación indígena en México 1921 - 1980).

Guardado en:
Detalles Bibliográficos
Autor principal: Carbo, Teresa (autor)
Otros autores: Garvan, Luz Elena (autor) (autor)
Formato: Libro
Idioma:Español
Colección:(Cuadernos de la casa Chata ; 41)
Temas:
Etiquetas: Agrega una etiqueta
Sin etiquetas, Sé el primero en etiquetar este registro!

MARC

LEADER 00000cam^a2200000uu^4500
001 000470269
005 20250521000000.0
008 050901s1981^^^^^^^^^^^^rd^r^^000^0^spa^d
009 20260310124556.46
035 |a FCE 000013057 
035 |a FCE 012835 
037 |a Acervo ITESO - Biblioteca 
041 |a spa 
082 0 4 |a 082.570  |b CCH 41 
100 |a Carbo, Teresa  |e (autor) 
245 1 3 |a De la Cámara de Diputados a San Lorenzo Tlacotepec :  |b (materiales para una historia de la educación indígena en México 1921 - 1980). 
264 |a México :  |b CIESAS,  |c 1981. 
300 |a 119 p. 
336 |a texto  |b txt  |2 rdacontenido 
337 |a sin mediación  |b n  |2 rdamedio 
338 |a volumen  |b nc  |2 rdasoporte 
440 0 |a (Cuadernos de la casa Chata ;  |v 41) 
649 |a XX 
650 |a Legislación de la educación 
650 |a Educación indígena 
650 |a Educación pública 
650 |a Estado de México 
700 |a Garvan, Luz Elena  |e (autor) 
910 |a Fondo Centro de Estudios Educativos 
920 |a Impresos - Libros 
930 |a Fondos Especiales 
905 |a 133 
901 |a ALE012835  |b IT2  |c CEE  |u 20250521 
901 |a ALE046115  |b IT2  |c CEE  |u 20250521 
902 |a https://opac.biblio.iteso.mx/vufind/Record/000470269